000 01376cam a2200277zu 4500
001 45007928
003 FRCYB45007928
005 20251020123332.0
006 m o d
007 cr un
008 251020s2005 fr | o|||||0|0|||fre d
020 _a9782844502858
035 _aFRCYB45007928
040 _aFR-PaCSA
_bfr
_c
_erda
100 1 _aNdagano, Jean-Marie
245 0 1 _aPaulo Coelho
_bLe courage d'être heureux
_c['Ndagano, Jean-Marie']
264 1 _bIbis Rouge
_c2005
300 _a p.
336 _btxt
_2rdacontent
337 _bc
_2rdamdedia
338 _bc
_2rdacarrier
650 0 _a
700 0 _aNdagano, Jean-Marie
856 4 0 _2Cyberlibris
_uhttps://international.scholarvox.com/netsen/book/45007928
_qtext/html
_a
520 _aEtre conscient de son existence, c'est d'abord accepter la vie comme un cadeau merveilleux et donc comprendre qu'on n'a pas le droit de passer à côté. Aussi, chaque jour qui s'offre à nous, chaque rayon de soleil, chaque goutte de pluie, tout nous apprend à vivre comme une éternité chaque seconde de cette fragile existence. Et cette existence, ce n'est ni hier, ni demain, mais l'instant présent, aujourd'hui, maintenant. Ce livre n'est pas une analyse littéraire. C'est un libre hommage à Paulo Coelho, écrit avec comme seule règle : l'envie de partager ma joie de lecteur.
999 _c1553811
_d1553811